000
00310nam a22001337a 4500
008
181008b xxu||||| |||| 00| 0 eng d
020
_a
9780521301978
041
_a
eng
080
_a
321
100
_a
19
101
_a
SHP
245
_a
Politics and Culture in Early Modern Europe
_c
Mack, P
942
_2
udc
_c
BK
999
_c
49058
_d
49058